|
|
|
|
| LEADER |
00000caa a2200000 c 4500 |
| 001 |
1634337328 |
| 003 |
DE-627 |
| 005 |
20220608100205.0 |
| 007 |
tu |
| 008 |
131127s2012 xx ||||| 00| ||ita c |
| 035 |
|
|
|a (DE-627)1634337328
|
| 035 |
|
|
|a (DE-576)398002797
|
| 035 |
|
|
|a (DE-599)BSZ398002797
|
| 040 |
|
|
|a DE-627
|b ger
|c DE-627
|e rakwb
|
| 041 |
|
|
|a ita
|
| 084 |
|
|
|a 1
|a 0
|2 ssgn
|
| 100 |
1 |
|
|0 (DE-588)1044330996
|0 (DE-627)771775393
|0 (DE-576)396870996
|4 aut
|a Bartolozzi, Giuseppe
|
| 109 |
|
|
|a Bartolozzi, Giuseppe
|
| 245 |
1 |
3 |
|a La narrazione delle origini dei Cappuccini fra storia e motivi apologetici
|c Giuseppe Bartolozzi
|
| 264 |
|
1 |
|c 2012
|
| 336 |
|
|
|a Text
|b txt
|2 rdacontent
|
| 337 |
|
|
|a ohne Hilfsmittel zu benutzen
|b n
|2 rdamedia
|
| 338 |
|
|
|a Band
|b nc
|2 rdacarrier
|
| 601 |
|
|
|a Apologetik
|
| 773 |
0 |
8 |
|i In
|t Rivista di storia e letteratura religiosa
|d Firenze : Olschki, 1965
|g 48(2012), 2, Seite 405-421
|w (DE-627)165723947
|w (DE-600)6756-8
|w (DE-576)014427966
|x 0035-6573
|7 nnas
|
| 773 |
1 |
8 |
|g volume:48
|g year:2012
|g number:2
|g pages:405-421
|
| 951 |
|
|
|a AR
|
| ELC |
|
|
|b 1
|
| ITA |
|
|
|a 1
|t 1
|
| LOK |
|
|
|0 000 xxxxxcx a22 zn 4500
|
| LOK |
|
|
|0 001 3289234126
|
| LOK |
|
|
|0 003 DE-627
|
| LOK |
|
|
|0 004 1634337328
|
| LOK |
|
|
|0 005 20131127084046
|
| LOK |
|
|
|0 008 131127||||||||||||||||ger|||||||
|
| LOK |
|
|
|0 040
|a DE-Tue135
|c DE-627
|d DE-Tue135
|
| LOK |
|
|
|0 092
|o n
|
| LOK |
|
|
|0 852
|a DE-Tue135
|
| LOK |
|
|
|0 852 1
|9 00
|
| LOK |
|
|
|0 935
|a ixzs
|
| LOK |
|
|
|0 939
|a 27-11-13
|b l01
|
| ORI |
|
|
|a SA-MARC-ixtheoa001.raw
|
| REL |
|
|
|a 1
|
| SUB |
|
|
|a REL
|